| 000 | 00909nam a2200229 a 4500 | ||
|---|---|---|---|
| 001 | 000031210 | ||
| 003 | AM-YEHGA | ||
| 005 | 20250617121348.0 | ||
| 008 | 010125s1980 ai ||||||||| |||| | arm d | ||
| 040 | _aAM-YeHGA | ||
| 041 | 1 |
_aarm _hrus |
|
| 100 | 1 | _aՄայկով, Սերգեյ Իվանովիչ | |
| 245 | 1 | 0 |
_aՔաղաքացիական պաշտպանությունը համաժողովրդական գործ է / _cՍ.Ի. Մայկով; Ռուս. թարգմ.՝ Ն.Գ. Նռնեզյան; Խմբ.՝ Ա.Գ. Կարապետյան. |
| 260 |
_aԵրևան : _bՀայաստան, _c1980. |
||
| 300 |
_a95 էջ ; _c20 սմ. |
||
| 650 | 1 | 4 |
_aՌազմական գործ _xՔաղաքացիական պաշտպանություն |
| 650 | 1 | 4 | _aԶինված ուժեր |
| 700 | 1 |
_aՆռնեզյան, Ն.Գ. _eթարգմ. _4trl |
|
| 700 | 1 |
_aԿարապետյան, Ա.Գ. _eխմբ. _4edt |
|
| 942 |
_2udc _cBK |
||
| 090 | _c14687 | ||
| 999 |
_c14578 _d14578 |
||